=LDR 00000nam 2200000 4500 =001 INLIS000000000049340 =005 20170210081007.0 =006 =007 =008 =020 ##$$a 978-979-3703-72-5 =035 ##$$0010-021700000000132 =040 ##$$a NBPDMAT =082 ##$$a 912.959 883 =090 ##$$aR.912.959 883 $bAch a =100 ##$$a Achmad Chaldun =245 ##$$a Atlas tematik provinsi Papua Barat $b: Administrasi, Sosial Budaya, Transportasi dan Perdagangan - Sumber daya Alam $c/ Achmad Chaldun; Achmad Rusdi =250 ##$$a Cet. 1 =260 ##$$a Surabaya $b Karya Pembina Swajaya $c 2007 =300 ##$$a 63 hlm. : $b ilus. ; $c 31 cm =500 ##$$a Indeks hlm : 62 - 63 =650 ##$$a Atlas Papua Barat =700 ##$$a Achmad Rusdi =850 ##$$a NBPDMAT =990 ##$$a 21606109 =990 ##$$a 21606110 =990 ##$$a 21606111 =990 ##$$a 21606112